000 00565nam a2200241Ia 4500
008 210210b2012 xxu||||| |||| 00| 0 eng d
020 _a0198080786
041 _aeng
082 _a305.4 KOLW
100 _aKOLASKAR (Ashok S)
245 _aWomen and society
_bRoad to change
260 _aNew Delhi
_bOxford University Press
_c2012
300 _axv,222
650 _aWomen
650 _ato
650 _asociety
650 _aRoad
650 _achange
650 _aand
690 _aWomen Studies
700 _aDASH (Motilal) Ed
906 _a068007
999 _c152189
_d152189